Εισαγωγή στην ανάπτυξη της γλώσσας

Αποθηκεύτηκε σε:
Λεπτομέρειες βιβλιογραφικής εγγραφής
Κύριος συγγραφέας: Μότσιου, Ελένη
Μορφή: Βιβλίο
Γλώσσα:Greek
Δημοσίευση: Θεσσαλονίκη : University Studio Press, 2017.
Έκδοση:2η έκδ.
Θέματα:
Ετικέτες: Προσθήκη ετικέτας
Δεν υπάρχουν, Καταχωρήστε ετικέτα πρώτοι!

MARC

LEADER 00000cam a2200000 a 4500
001 1/124263
008 220131s2017####gr | ||| |||| ||gre||
020 |a 9789601223483 
040 |a GR-MyUa  |b gre  |c GR-MyUa  |e AACR2 
041 0 |a gre 
082 7 |a 401.93   |2 (23) 
100 1 |a Μότσιου, Ελένη. 
245 1 0 |a Εισαγωγή στην ανάπτυξη της γλώσσας /   |c Ελένη Μότσιου.  
250 |a 2η έκδ.  
260 |a Θεσσαλονίκη :   |b University Studio Press,   |c 2017.  
300 |a 163 σ. ;   |c 24 εκ.  
504 |a Βιβλιογραφία : σ. 149-159. Ευρετήριο.  
650 0 |a Language acquisition. 
650 0 |a Language disorders in children. 
650 0 |a Children  |x Language. 
852 |a INST  |b RHODES  |c EUDOXUS  |e 20220131  |h 401.93 ΜΟΤ  |p 005400042537  |q 005400042537  |t EDX  |y 0 
852 |a INST  |b RHODES  |c EUDOXUS  |e 20220131  |h 401.93 ΜΟΤ  |p 005400042538  |q 005400042538  |t EDX  |y 0 
920 |a Εύδοξος  |b Παραγγελία  |y Ρόδος-ΠΤΔΕ  |z 2022-01 
970 |z 31-01-2022